| 000 | 01225nmm a2200325 a 4500 | ||
|---|---|---|---|
| 001 | ocm0001917080 | ||
| 003 | TR-IsHL | ||
| 005 | 20201028172910.0 | ||
| 008 | 180714s2016 tu tur | ||
| 007 | cr cn | ||
| 020 | _a9786053223023 | ||
| 035 |
_a1917080 _b(N$T) |
||
| 050 | 0 | 4 |
_aHD2891.93 _b.Y46 2016 |
| 090 | 0 | 4 |
_aHD2891.93 _b.Y46 2016 |
| 245 | 1 | 0 |
_aYeni efeler : _bEge'den inovasyon ve girişimcilik dersleri _h[electronic resource] / _caraştırma kordinatörü İpek Gürel ; editör Melih Arat ; yayına hazırlayan Utku Umut Bulsun |
| 260 |
_aİstanbul : _bOptimist Yayım Dağıtım, _c2016 |
||
| 300 | _a238 p. | ||
| 500 |
_aKaynakça var. _x |
||
| 650 | 4 | _aİşletme ve Yönetim | |
| 650 | 4 | _aBusiness Management | |
| 650 | 0 |
_aİşletmeler _x Türkiye _x Ege |
|
| 650 | 0 |
_aBusiness enterprises _x Turkey _x Aegean Sea Coast |
|
| 650 | 0 |
_aGirişimcilik _x Türkiye _x Ege |
|
| 650 | 0 |
_aEntrepreneurship _x Turkey _x Aegean Sea Coast |
|
| 650 | 7 |
_aBUSINESS & ECONOMICS / Entrepreneurship _2bisacsh |
|
| 700 | 1 | _aGürel, İpek | |
| 700 | 1 | _aArat, Melih | |
| 700 | 1 | _aBulsun, Utku Umut | |
| 856 | 4 | 0 | _uhttp://search.ebscohost.com/login.aspx?direct=true&scope=site&db=e011xww&AN=1917080 |
| 999 |
_c17429 _d17429 |
||